• 首页
  • 本馆介绍
  • 公告通知
  • 最新文献
  • 馆藏检索
  • 电子资源
  • 读者导购
  • 参考咨询
  • 我的图书馆
  • 登录
  • 详细信息显示
  • 放入我的书架
  • 预约/预借图书
  • 作者相关作品
  • 分类相关作品
  • 丛书相关作品
  • 出版社相关作品

书目信息

  • 表格格式
  • 工作单格式
  • 卡片格式
题名:
太阳城
    
 
作者: 康帕内拉 , Campanella 著 ;陈大维 译
分册:  
出版信息: 北京   商务印书馆  1980
页数: 148页
开本: 21cm
丛书名:
单 册:
中图分类: D091.6 , D09
科图分类:
主题词: 空想共产主义-政治思想史 , 政治思想史-空想共产主义 , 政治学--历史 , 政治思想史
电子资源:
ISBN:
000 00985nam0 2200349 45
001 0180007979
005 20040429102903.7
010    @dCNY0.50
091    @a3017.37
100    @a19950526d1980 em y0chiy0121 ea
101 1  @achi@brus@cita
102    @aCN@b110000
105    @af z 000yy
106    @ar
200 10 @a太阳城@Atai yang cheng@f(意)康帕内拉(T. Campanella)著@g陈大维等译
205    @a2版
210    @a北京@c商务印书馆@d1980
215    @a148页@c照片@d21cm
300    @a书名原文:Город солнца
510 1  @aГород солнца@zrus
606    @a空想共产主义-政治思想史
606    @a政治思想史-空想共产主义
606 0  @a政治学@x历史
606 0  @a政治思想史
690    @aD091.6@v3
690    @aD09
701  1 @a康帕内拉@Akang pa nei la@bT.@4著
701 A1 @aCampanella@bT.@4著
702  0 @a陈大维@Achen da wei@4译
801  0 @aCN@b上海图书馆@c20040429
801  2 @aCN@bNLC@c20040429
905    @f2@b32643-644@f2@b41848-849@dD09@e5
    
    太阳城/(意)康帕内拉(T. Campanella)著/陈大维等译.-2版.-北京:商务印书馆,1980
    148页:照片;21cm
    书名原文:Город солнца
    
    ISBN :CNY0.50
    
●
相关链接 在E读中查询图书 在五车中查询图书 在当当中查询图书 在豆瓣中查询图书


正题名:太阳城     索取号:D09/5         预约/预借

序号 登录号 条形码 馆藏地/架位号 状态 备注
1 0032643   001020683   密集书库/ [索取号:D09/5] 在馆    
2 0032644   001019800   第一样本阅览室/ [索取号:D09/5] 在馆    
3 0041848   001020692   密集书库/ [索取号:D09/5] 在馆    
4 0041849   001020709   密集书库/ [索取号:D09/5] 在馆    
唐山师范学院图书馆 欢迎您!
大连网信软件有限公司© 版权所有